000 00533nmm a2200169Ia 4500
008 251105s9999||||xx |||||||||||||||||und||
020 _a9788476589199
041 _aspa
100 _aSerna Arango, Julián
245 0 _aSomos tiempo. Crítica a la simplificación del tiempo en Occidente
264 _a[Madrid, España] :
_bAnthropos,
_c2009
300 _a176 páginas
490 _aAutores, textos y temas. Filosofía
650 _aPhilosophy, Ethics
856 _uhttps://public.digitaliapublishing.com/a/15688
942 _cCF
999 _c85236
_d85236